Data Sturcture Management (Record no. 362458)

MARC details
000 -LEADER
fixed length control field 00355nam a22001457a 4500
005 - DATE AND TIME OF LATEST TRANSACTION
control field 20250107123325.0
008 - FIXED-LENGTH DATA ELEMENTS--GENERAL INFORMATION
fixed length control field 250107b |||||||| |||| 00| 0 eng d
041 ## - LANGUAGE CODE
Language code of text/sound track or separate title Eng
082 ## - DEWEY DECIMAL CLASSIFICATION NUMBER
Edition number 2011
Classification number 005.74
100 ## - MAIN ENTRY--PERSONAL NAME
Author M T Savaliya
245 ## - TITLE STATEMENT
Title Data Sturcture Management
260 ## - PUBLICATION, DISTRIBUTION, ETC.
Place of publication, distribution, etc. Ahmedabad
Name of publisher, distributor, etc. Atul Prakashan
Date of publication, distribution, etc. 2011
300 ## - PHYSICAL DESCRIPTION
Extent 305P
942 ## - ADDED ENTRY ELEMENTS (KOHA)
Koha item type Donated Book
Holdings
Withdrawn status Lost status Source of classification or shelving scheme Damaged status Not for loan Collection code Home library Current library Shelving location Date acquired Vendor Net Price Total Checkouts Total Renewals Full call number Barcode Date last seen Date last checked out Bill Date Koha item type Original Barcode
    Dewey Decimal Classification     Computer Engineering Cummins College of Engineering for Women Nagpur Cummins College of Engineering for Women Nagpur Donated Book 07/01/2025 by Karkare Sir 120.00 1 1 005.74 CEWN-DB-711 05/08/2025 03/07/2025 07/01/2025 Donated Book D00711